000 00293nam a22001337a 4500
008 180109b xxu||||| |||| 00| 0 eng d
020 _a9780312600242
041 _aeng
080 _a37
100 _a46
101 _aEDU
245 _aEVERYTHING'S AN ARGUMENT
_cKINKADE,J
942 _2udc
_cBK
999 _c39845
_d39845